| 000 | 00757nam a22002297a 4500 | ||
|---|---|---|---|
| 005 | 20170124110241.0 | ||
| 010 | _aB-190671 | ||
| 020 |
_c00.00 _a9788172341404 |
||
| 035 | _aB-190671 | ||
| 037 | _bCen Lib/Ret | ||
| 040 |
_aDPL _bEN |
||
| 082 |
_a954.36 _bSIN |
||
| 100 |
_aSingh, Priti _995190 |
||
| 245 |
_aThe islands and tribes of Andaman and Nicobar / _cby Priti Singh |
||
| 246 | _b | ||
| 260 |
_aNew Delhi _bPrakash Books _c2006 |
||
| 270 |
_a1, Ansari road, dariyaganj _bNew Delhi |
||
| 300 |
_a216p. : _c29cm(Hb) _bill. |
||
| 650 |
_aAndaman and Nicobar Islands (India) -- Pictorial works. _995191 |
||
| 650 |
_aAndaman and Nicobar Islands (India) -- Description and travel. _995192 |
||
| 942 |
_2ddc _cEN _h954.36 _mSIN |
||
| 999 |
_c135214 _d135214 |
||